000 00611nam a2200217Ia 4500
005 20250923145442.0
008 008 250917s9999 xx 000 0 eng d
037 _aTextual
040 _aDSWL
_beng
_cDSWL
041 _aeng
_2eng
084 _aYX;5-R(Z).2, N78.1
_qDSWL
100 _aGangrade, K.D.
_9835461
245 0 _aSocial Legislation in India
_c by K.D.Gangrade
260 _aNew Delhi
_b Concept Pub. Co.
_c1978
300 _axii,288 p.
365 _aINR
_b56.25
490 _vVol. I
925 _g56.25
942 _cTEXL
_hYX;5-R(Z).2, N78.1
999 _c1451512
_d1451512